Liste der häufigsten chemischen Elemente im menschlichen Körper - Statistiken

Allgemein
  • Dieses Quiz wurde 4.819 mal gespielt
  • Das Durchschnittsergebnis liegt bei 14 aus 26
Antwortstatistiken
Masse der Elemente Element im menschlichen Körper % Korrekt
43 kg Sauerstoff
96%
7,0 kg Wasserstoff
94%
16 kg Kohlenstoff
90%
4,0 g Eisen
89%
25 g Magnesium
80%
1,2 kg Calcium
79%
1,8 kg Stickstoff
78%
100 g Natrium
77%
140 g Kalium
72%
95 g Chlor
66%
2,3 g Zink
60%
125 g Schwefel
59%
5,0 g Fluor
56%
780 g Phosphor
52%
0,07 g Kupfer
51%
0,26 g Brom
47%
0,03 g Zinn
47%
0,06 g Aluminium
44%
0,12 g Blei
41%
1,0 g Silicium
35%
0,70 g Titan
27%
0,02 g Barium
20%
0,32 g Strontium
15%
0,68 g Rubidium
12%
0,02 g Cadmium
11%
0,04 g Cer
9%
Keine übereinstimmenden Quizze gefunden
Verteilung der Resultate
Anzahl Personen mit jedem Resultat
Perzentil nach korrekt beantworteten Fragen
Ihre Resultats-Entwicklung
Sie haben dieses Quiz noch nicht gespielt